[Event "FRA-ch qual"]
[Site "Bescanon"]
[Date "1999.08.18"]
[Round "1"]
[White "Bellaiche, Antony"]
[Black "Tripoteau, N."]
[Result "1-0"]
[WhiteElo "2099"]
[BlackElo "2235"]

1.d4 Nf6 2.c4 g6 3.Nc3 Bg7 4.e4 O-O 5.Nf3 d6 6.Be2 e5 7.O-O Nc6 8.d5 Ne7
9.b4 a5 10.Ba3 axb4 11.Bxb4 b6 12.a4 Nh5 13.a5 bxa5 14.Bxa5 Ba6 15.c5 Bxe2
16.Qxe2 Qd7 17.c6 Qc8 18.g3 f5 19.Ng5 f4 20.Nb5 Nxd5 21.exd5 Qf5 22.Nxc7 Qxg5
23.Ne6 Qf5 24.g4 f3 25.Qc4 Qf6 26.gxh5 e4 27.Qxe4  1-0

[Event "Polanica Zdroj op"]
[Site "Polanica Zdroj"]
[Date "1999.08.21"]
[Round "5"]
[White "Malakhatko, Vadim"]
[Black "Sivokho, Sergey"]
[Result "0-1"]
[WhiteElo "2537"]
[BlackElo "2434"]

1.Nf3 Nf6 2.c4 g6 3.Nc3 Bg7 4.e4 d6 5.d4 O-O 6.Be2 e5 7.O-O Nc6 8.d5 Ne7
9.b4 Nh5 10.Re1 f5 11.Ng5 Nf6 12.Bf3 c6 13.Be3 cxd5 14.cxd5 h6 15.Ne6 Bxe6
16.dxe6 fxe4 17.Nxe4 Nxe4 18.Bxe4 d5 19.Bc2 b6 20.b5 Qd6 21.Bc1 Rad8 22.Bb3 Kh7
23.a4 Qxe6 24.Ba3 Rd7 25.Rc1 Rfd8 26.f3 Nf5 27.Bb2 Qe7 28.Rc6 Re8 29.Qc2 e4
30.fxe4 Bd4+ 31.Bxd4 Nxd4 32.Qc3 Nxc6 33.bxc6 Rdd8 34.Rf1 d4 35.Qc4 Rf8 36.Rxf8 Qxf8
37.Qe6 d3 38.h3 Rd6 39.Qc4 Rf6 40.Qxd3 Qc5+ 41.Kh2 Qxc6 42.e5 Qc7 43.Qd5 Rf8
44.Kh1 Rf1+ 45.Kh2 h5 46.Qg8+ Kh6 47.Qh8+ Qh7 48.Qd8 Qg7 49.Qd4 Qf8 50.Kg3 g5
51.Qd6+ Qxd6 52.exd6 Rf6 53.d7 Rd6 54.Be6 Kg6 55.h4 Kf6  0-1

[Event "Presov"]
[Site "Presov"]
[Date "1999.08.21"]
[Round "8"]
[White "Ftacnik, Lubomir"]
[Black "Mrva, Martin"]
[Result "1-0"]
[WhiteElo "2589"]
[BlackElo "2441"]

1.Nf3 Nf6 2.c4 g6 3.Nc3 Bg7 4.d4 O-O 5.e4 d6 6.Be2 e5 7.O-O Nc6 8.d5 Ne7
9.Nd2 Nd7 10.b4 a5 11.bxa5 f5 12.Nb3 Kh8 13.f3 Ng8 14.Qc2 Ngf6 15.exf5 gxf5
16.Bg5 Nc5 17.Nxc5 dxc5 18.Bd3 Qd7 19.Rae1 Ne8 20.Bd2 Nd6 21.Ne2 f4 22.Bc3 Qe7
23.Qb2 Bd7 24.Rf2 Rae8 25.Nc1 Bf5 26.Rfe2 Qh4 27.Qa3 b6 28.axb6 cxb6 29.Qa6 Nc8
30.d6 Bd7 31.Qb7 Rf7 32.Qd5 Be6 33.Rxe5 Qxe1+ 34.Rxe1 Bxc3 35.Rxe6 Rg8 36.d7 Bd4+
37.Kf1 Ne7 38.Rxe7 Rxe7 39.d8=Q Rge8 40.Qxe8+ Rxe8 41.Ne2 Bg7 42.Qh5 Rd8
43.Qxh7+  1-0

[Event "FRA-ch qual"]
[Site "Bescanon"]
[Date "1999.08.22"]
[Round "5"]
[White "Bellaiche, Antony"]
[Black "Libiszewski, Fabien"]
[Result "0-1"]
[WhiteElo "2099"]
[BlackElo "2250"]

1.d4 Nf6 2.c4 g6 3.Nc3 Bg7 4.e4 d6 5.Nf3 O-O 6.Be2 e5 7.O-O Nc6 8.d5 Ne7
9.b4 Nh5 10.Re1 a5 11.Ba3 axb4 12.Bxb4 Nf4 13.Bf1 Bg4 14.h3 Bxf3 15.Qxf3 c5
16.dxc6 Nxc6 17.a3 Ne6 18.Nb5 Ncd4 19.Qd1 Nc5 20.Nxd4 exd4 21.Rb1 Re8 22.Bd3 Qh4
23.Qf3 Re7 24.Re2 Be5 25.Bxc5 dxc5 26.Rb3 h5 27.Reb2 Ra6 28.Qd1 g5 29.Rb1 Rg6
30.Be2 g4 31.g3 gxh3 32.Bxh5 Bxg3 33.fxg3 Rxg3+ 34.Kh2 Rg2+ 35.Kh1 Rxe4 36.Bxf7+ Kxf7
37.Rxb7+ Ke6 38.Rb8 Rh2+ 39.Kxh2 Qf2+  0-1

[Event "FRA-ch qual"]
[Site "Bescanon"]
[Date "1999.08.23"]
[Round "6"]
[White "Marcelin, Cyril"]
[Black "Roos, Louis"]
[Result "1-0"]
[WhiteElo "2395"]
[BlackElo "2353"]

1.Nf3 Nf6 2.c4 g6 3.Nc3 Bg7 4.e4 d6 5.d4 O-O 6.Be2 e5 7.O-O Nc6 8.d5 Ne7
9.b4 Ne8 10.c5 h6 11.Nd2 f5 12.a4 f4 13.Ba3 h5 14.Nc4 Kh7 15.a5 Ng8 16.b5 b6
17.axb6 axb6 18.cxb6 cxb6 19.Na4 Rb8 20.Bb4 Ngf6 21.f3 Rf7 22.Qe1 Bf8 23.Naxb6 Rxb6
24.Ba5 Rfb7 25.Bxb6 Rxb6 26.Qa5 Nd7 27.Rfc1 Be7 28.Nxb6 Qxb6+ 29.Qxb6 Nxb6
30.Rxc8  1-0

[Event "USA-ch (Women)"]
[Site "Salt Lake City"]
[Date "1999.08.23"]
[Round "1"]
[White "Khan, Anna"]
[Black "Marinello, Beatriz M"]
[Result "0-1"]
[WhiteElo "2295"]
[BlackElo "2221"]

1.d4 Nf6 2.c4 g6 3.Nc3 Bg7 4.e4 d6 5.Nf3 O-O 6.Be2 e5 7.O-O Nc6 8.d5 Ne7
9.b4 a5 10.Ba3 Nd7 11.bxa5 Rxa5 12.Bb4 Ra8 13.a4 Bh6 14.Nd2 f5 15.a5 Nf6
16.c5 Bxd2 17.Qxd2 Nxe4 18.Nxe4 fxe4 19.cxd6 cxd6 20.Qe3 Nf5 21.Qxe4 Nd4
22.Bd1 Rf4 23.Qe1 b6 24.Bd2 Rf7 25.f3 Ba6 26.Rf2 Bc4 27.Rc1 Bxd5 28.axb6 Qxb6
29.Be3 Rfa7 30.Rd2 Ra1 31.Rxa1 Rxa1 32.Bxd4 exd4 33.Qe8+ Kg7 34.Qe7+ Bf7
35.Kf2 Qb4 36.Qg5 Qc5 37.Qf4 Ra2 38.Rxa2 Bxa2 39.Qe4 Qe5 40.Qd3 Be6 41.Qd2 Bc4
42.f4 Qc5 43.Qe1 d3+ 44.Kg3 Kf7 45.Bg4 Qd5 46.Qf2 Qc5 47.Qe1 h5 48.Bd7 g5
49.Qe8+ Kg7 50.fxg5 Qxg5+ 51.Kf2 d2 52.Ba4 Qf4+  0-1

[Event "Abu Dhabi Masters op"]
[Site "Abu Dhabi"]
[Date "1999.08.25"]
[Round "5"]
[White "Abbasov, Farid"]
[Black "Kaabi, Mejdi"]
[Result "1-0"]
[WhiteElo "2290"]
[BlackElo "2362"]

1.Nf3 Nf6 2.c4 g6 3.Nc3 Bg7 4.e4 d6 5.d4 O-O 6.Be2 e5 7.O-O Nc6 8.d5 Ne7
9.b4 a5 10.Ba3 axb4 11.Bxb4 Nd7 12.a4 h6 13.a5 f5 14.Nd2 Rf6 15.Nb3 f4 16.c5 g5
17.cxd6 cxd6 18.Nb5 Nb8 19.Nd2 Na6 20.Ba3 Ng6 21.Nc4 Bf8 22.Nb6 Rb8 23.Bg4 Bxg4
24.Qxg4 Kg7 25.Qd7+ Rf7 26.Qxd8 Rxd8 27.Nc4 Rf6 28.Rfb1 Kf7 29.Nbxd6+ Bxd6
30.Nxd6+ Rfxd6 31.Bxd6 Rxd6 32.Rxb7+ Ne7 33.Rb6 Nc8 34.Rxd6 Nxd6 35.f3 Nb7
36.Rb1 Nbc5 37.Rb6 h5 38.Rc6 h4 39.h3 Kg7 40.Kf1 Kf7 41.Ke2 Kg7 42.Kd2 g4
43.hxg4  1-0

[Event "BIH-chT"]
[Site "Bihac"]
[Date "1999.08.27"]
[Round "7"]
[White "Bareev, Evgeny"]
[Black "Cvitan, Ognjen"]
[Result "1-0"]
[WhiteElo "2698"]
[BlackElo "2511"]

1.d4 Nf6 2.c4 g6 3.Nc3 Bg7 4.e4 d6 5.Be2 O-O 6.Nf3 e5 7.O-O Nc6 8.d5 Ne7
9.b4 Nh5 10.Re1 f5 11.Ng5 Nf6 12.Bf3 c6 13.Be3 Kh8 14.b5 cxb5 15.cxb5 fxe4
16.Ngxe4 Nf5 17.a4 Nxe4 18.Nxe4 Nxe3 19.Rxe3 Bf5 20.Rc3 a6 21.Rb1 Qa5 22.Rc4 Bh6
23.h3 Bxe4 24.Bxe4 Qb6 25.Bf3 a5 26.Qc2 Rae8 27.Re1 Re7 28.Ree4 Ref7 29.Rc8 Kg7
30.Rxf8 Rxf8 31.Rc4 Rf7 32.Qc3 Bg5 33.Rc8 Bh4 34.Qc2 e4 35.Rc4 exf3 36.Rxh4 Qd8
37.Qc3+ Qf6 38.Qxf6+ Kxf6 39.Rf4+ Ke7 40.Rc4 Kd8 41.g4 Rc7 42.Rf4 Ke7 43.g5 Rc5
44.Rd4 Rc1+ 45.Kh2 Rf1 46.Kg3 Rg1+ 47.Kf4 Rg2 48.Rd2 Rh2 49.Rc2 Kd8 50.b6 Rxh3
51.Rc7 Rh4+ 52.Kxf3 Rxa4 53.Rxh7 Rd4 54.Rxb7 Rxd5 55.Rg7 Kc8 56.Kg4 a4 57.Rxg6 a3
58.Rg7 Ra5 59.Rc7+ Kb8 60.Rc1  1-0

[Event "JUG-chT playoff"]
[Site "Vrnjacka Banja"]
[Date "1999.08.30"]
[Round "2"]
[White "Nikcevic, Nebojsa"]
[Black "Antic, Dejan"]
[Result "1-0"]
[WhiteElo "2466"]
[BlackElo "2494"]

1.Nf3 Nf6 2.c4 g6 3.Nc3 Bg7 4.e4 d6 5.d4 O-O 6.Be2 e5 7.O-O Nc6 8.d5 Ne7
9.Bg5 h6 10.Bxf6 Bxf6 11.b4 Bg7 12.Nd2 f5 13.Bf3 Kh8 14.c5 Ng8 15.Rc1 a6
16.Nc4 Nf6 17.a4 g5 18.exf5 Bxf5 19.Re1 g4 20.Be2 e4 21.Ne3 Qd7 22.c6 bxc6
23.dxc6 Qc8 24.b5 axb5 25.axb5 Rb8 26.Bc4 Be6 27.Qb3 Bxc4 28.Qxc4 Qe8 29.Rc2 Qf7
30.Rd1 Qh5 31.Rb1 Nh7 32.Nxe4 Rf4 33.Ng3 Rxc4 34.Nxh5 Rxc2 35.Nxc2 Be5 36.Ne3 Nf8
37.Nxg4 Bd4 38.Nf4 Kg7 39.Ne3 Kf7 40.Ned5 Bb6  1-0

[Event "KGSRL Masters 2nd"]
[Site "Gent"]
[Date "1999.09.06"]
[Round "3"]
[White "De Wit, Dick"]
[Black "Schebler, Gerhard"]
[Result "0-1"]
[WhiteElo "2242"]
[BlackElo "2443"]

1.d4 Nf6 2.c4 g6 3.Nc3 Bg7 4.e4 d6 5.Nf3 O-O 6.Be2 e5 7.O-O Nc6 8.d5 Ne7
9.Bg5 h6 10.Bxf6 Bxf6 11.b4 Kg7 12.c5 Ng8 13.a4 Be7 14.c6 bxc6 15.dxc6 f5
16.Bc4 Nf6 17.Bd5 f4 18.Nd2 g5 19.f3 g4 20.Nc4 Kh7 21.Kf2 Qe8 22.Nb5 Nxd5
23.exd5 Bd8 24.Nc3 Qh5 25.Kg1 Rg8 26.fxg4 Rxg4 27.Kh1 Qg6 28.Ra2 Bf5 29.Rd2 Bf6
30.Qe2 Rg8 31.b5 e4  0-1

[Event "Albacete m"]
[Site "Albacete"]
[Date "1999.09.11"]
[Round "4"]
[White "Herraiz, Herminio"]
[Black "Illescas Cordoba, Miguel"]
[Result "0-1"]
[WhiteElo "2417"]
[BlackElo "2600"]

1.Nf3 Nf6 2.c4 g6 3.d4 Bg7 4.Nc3 O-O 5.e4 d6 6.Be2 e5 7.O-O Nc6 8.d5 Ne7
9.b4 a5 10.bxa5 Rxa5 11.a4 c5 12.Nd2 Ne8 13.Nb3 Ra6 14.Be3 f5 15.f3 f4 16.Bf2 h5
17.a5 Nf6 18.Na4 Nd7 19.Qd3 g5 20.Rfb1 Ng6 21.Be1 Rf7 22.Bd1 Nf6 23.Nb6 g4
24.Nxc8 Qxc8 25.Rb2 Bf8 26.Nc1 Rg7 27.Rab1 gxf3 28.Bxf3 Ng4 29.Rb6 Rxb6 30.Rxb6 Ne3
31.Kh1 Qd8 32.Bf2 Ng4 33.Bxg4 hxg4 34.Ne2 Qg5 35.Ng1 Qh5 36.h3 f3 37.g3 Rh7
38.Qb3 Qg5 39.Qe3 Rxh3+  0-1

[Event "CRO-chT"]
[Site "Pula"]
[Date "1999.09.11"]
[Round "3"]
[White "Muhvic, Damir"]
[Black "Rezan, Sasa"]
[Result "0-1"]
[WhiteElo "2238"]
[BlackElo "2248"]

1.d4 Nf6 2.c4 g6 3.Nc3 Bg7 4.e4 d6 5.Nf3 O-O 6.Be2 e5 7.O-O Nc6 8.d5 Ne7
9.b4 a5 10.Ba3 axb4 11.Bxb4 b6 12.a4 Ne8 13.Nb5 f5 14.Nd2 Bh6 15.Bf3 Nf6
16.Re1 Bd7 17.Nc3 g5 18.exf5 Nxf5 19.Nde4 Nd4 20.Be2 g4 21.Ng3 Bf4 22.Bd3 h5
23.Nce2 Nxe2+ 24.Nxe2 Bh6 25.Bd2 Bxd2 26.Qxd2 Qe7 27.a5 bxa5 28.Rxa5 Qg7
29.Ng3 h4 30.Nf5 Bxf5 31.Bxf5 Rxa5 32.Be6+ Kh8 33.Qxa5 g3 34.Qd2 Nh5  0-1

[Event "CRO-chT"]
[Site "Pula"]
[Date "1999.09.14"]
[Round "5"]
[White "Martic, Zlatko"]
[Black "Bogut, Zeljko"]
[Result "1/2-1/2"]
[WhiteElo "2302"]
[BlackElo "2375"]

1.d4 Nf6 2.c4 g6 3.Nc3 Bg7 4.e4 d6 5.Nf3 O-O 6.Be2 e5 7.O-O Nc6 8.d5 Ne7
9.Nh4 Ne8 10.g3 f5 11.exf5 gxf5 12.f4 c6 13.Kh1 cxd5 14.cxd5 b6 15.Ng2 Bb7
16.Be3 Kh8 17.Qb3 Rc8 18.Rad1 Rc7 19.Kg1 Qa8 20.Rf2 e4 21.Bd4 Bxd4 22.Rxd4 Rc5
23.Ne3 Nf6 24.Bc4 Rfc8 25.a4 h5 26.h3 Rg8 27.Rg2 Rg6 28.Be2 Nexd5 29.Ncxd5 Nxd5
30.Nxd5 Bxd5 31.Qe3 h4 32.g4 Qc8 33.Rd1 Bc4 34.g5 Bxe2 35.Rxe2 d5 36.b4 Rc2
37.Rxd5 Rxe2 38.Qxe2 Rc6 39.Rd2 Rc1+ 40.Kh2 Qe8 41.Rd5 Qc6 42.Qh5+ Kg7 43.Rd2 e3
44.Rg2 Rc2 45.Qh6+ Kg8 46.Qxc6 Rxc6 47.Re2 Rc4 48.Rxe3 Rxb4 49.Re5 Rxf4 50.a5 Kf7
51.axb6 axb6 52.Rb5 Kg6 53.Rxb6+ Kxg5 54.Kg2 Rd4 55.Rb2 Rd3 56.Rb8 Rd2+ 57.Kf3 Rd3+
58.Kg2 Kf4 59.Rb4+ Ke3 60.Rxh4 f4 61.Rh8 Rd2+ 62.Kg1 Rd1+ 63.Kh2 Kf2 64.h4 f3
65.h5 Rd4 66.Kh3 Kf1 67.Rf8 f2 68.Kg3 Rd3+ 69.Kg4 Kg2 70.Rxf2+ Kxf2 71.h6 Kg2
72.Kg5 Kg3 73.h7 Rd8 74.Kg6  1/2-1/2

[Event "Artek olJ"]
[Site "Artek"]
[Date "1999.09.15"]
[Round "5"]
[White "Gordin, Artiom"]
[Black "Szabo, Gergely"]
[Result "0-1"]
[WhiteElo "2169"]
[BlackElo "2299"]

1.d4 Nf6 2.c4 g6 3.Nc3 Bg7 4.e4 d6 5.Nf3 O-O 6.Be2 e5 7.O-O Nc6 8.dxe5 dxe5
9.Bg5 Qxd1 10.Rfxd1 Bg4 11.Rd3 Nd7 12.Be3 Rfd8 13.Rad1 Bxf3 14.Rxd7 Bxe2
15.Rxd8+ Nxd8 16.Nxe2 Ne6 17.f3 Nd4 18.Kf2 Rd8 19.Nc3 c6 20.b4 Kf8 21.a4 Ke8
22.b5 Rc8 23.bxc6 Rxc6 24.Nb5 a6 25.Nxd4 Rd6 26.c5 Rd7 27.Ke2 exd4 28.Bf2 Rc7
29.Bxd4 Bxd4 30.Rxd4 Rxc5 31.Ke3 Rc2 32.Rb4 Rxg2 33.Rxb7 Rxh2 34.Ra7 h5 35.Rxa6 h4
36.a5 Ra2 37.Ra8+ Ke7 38.a6 Kf6 39.Rh8 Kg5 40.Rh7 Rxa6 41.Rxf7 Ra3+ 42.Kf2 Ra2+
43.Ke3 Kh6 44.Rf8 Kg7 45.Rb8 g5 46.Rb1 h3 47.Rh1 h2 48.e5  0-1

[Event "Artek olJ"]
[Site "Artek"]
[Date "1999.09.18"]
[Round "7"]
[White "Blasko, Istvan"]
[Black "Papenin, Nikolai"]
[Result "1/2-1/2"]
[WhiteElo "2221"]
[BlackElo "2105"]

1.d4 Nf6 2.Nf3 g6 3.c4 Bg7 4.Nc3 O-O 5.e4 d6 6.Be2 e5 7.O-O Nc6 8.d5 Ne7
9.b4 Nh5 10.Re1 a5 11.bxa5 Rxa5 12.a4 Nf4 13.Bf1 h6 14.Nd2 g5 15.Nb3 Ra8
16.c5 f5 17.cxd6 cxd6 18.a5 fxe4 19.Be3 Nd3 20.Bb6 Qd7 21.Rxe4 Nf4 22.Rc1 Qf5
23.Rc4 g4 24.g3 Nh3+ 25.Bxh3 gxh3 26.Nb5 Qf6 27.Nc7 Rb8 28.Nd2 Bf5 29.Ne6 Bxe6
30.dxe6 Qxe6 31.Qg4 Qxg4 32.Rxg4 Rbc8 33.Re1 Nd5 34.f4 exf4 35.Bd4 Rc7 36.gxf4 Nxf4
37.Rxg7+ Rxg7+ 38.Bxg7 Kxg7 39.Rb1 Rf7 40.Nc4 Ne2+ 41.Kh1 Nc3 42.Rg1+ Kf8
43.Nxd6 Rd7 44.Rf1+ Kg8 45.Ne8 Nd5 46.Kg1  1/2-1/2

[Event "Wch U20"]
[Site "Yerevan"]
[Date "1999.09.19"]
[Round "2"]
[White "Bunzmann, Dimitrij"]
[Black "Jenni, Florian"]
[Result "1/2-1/2"]
[WhiteElo "2596"]
[BlackElo "2399"]

1.d4 Nf6 2.Nf3 g6 3.c4 Bg7 4.Nc3 d6 5.e4 O-O 6.Be2 e5 7.O-O Nc6 8.d5 Ne7
9.b4 Ne8 10.c5 f5 11.Nd2 Kh8 12.Bb2 fxe4 13.Ndxe4 Nf5 14.Bd3 Nd4 15.Bc1 a5
16.Bg5 Qd7 17.b5 dxc5 18.Nxc5 Qf7 19.f4 exf4 20.Bxf4 Nf5 21.N5e4 Bd4+ 22.Kh1 Qg7
23.Qb3 Ned6 24.Rae1 Bd7 25.Ne2 Bb6 26.Nxd6 Nxd6 27.Bc1 Rxf1+ 28.Rxf1 Rf8
29.Rd1 Kg8 30.Bb2 Qh6 31.Qc3 Rf2 32.Qh8+ Kf7 33.Ng1 Bf5 34.Qf6+ Kg8 35.Qh8+ Kf7
36.Qf6+ Kg8 37.Bxf5 Rxf5 38.Qh8+ Kf7 39.Re1 Bf2 40.Re6 Bxg1 41.Kxg1 Rxd5
42.Qf6+ Kg8 43.Re1 Rd3 44.Qe6+ Nf7 45.Qe4 Rd8 46.Bf6 Rb8 47.Qe7 c6 48.bxc6 bxc6
49.Qa7 Rc8 50.Qxa5 Qf4 51.Qc3 h5 52.Qh3 Ra8 53.Qe6 Qd6 54.Qxd6 Nxd6 55.Re6 Ne8
56.Bg5 Kf7 57.Rxc6 Rxa2 58.Rb6 Rc2 59.h4 Rc5 60.Kf2 Rf5+ 61.Ke3 Nf6 62.Bxf6  1/2-1/2

[Event "Wch U20"]
[Site "Yerevan"]
[Date "1999.09.22"]
[Round "5"]
[White "Kuemin, Simon"]
[Black "Pinter, Erik"]
[Result "1-0"]
[WhiteElo "2251"]
[BlackElo "2163"]

1.d4 Nf6 2.c4 g6 3.Nc3 Bg7 4.e4 d6 5.Nf3 O-O 6.Be2 e5 7.O-O Nc6 8.d5 Ne7
9.b4 Nh5 10.Re1 h6 11.c5 f5 12.Nd2 Nf4 13.Bf1 g5 14.Nc4 g4 15.a4 h5 16.Ba3 Rf6
17.b5 b6 18.cxd6 cxd6 19.Bb4 h4 20.a5 Rb8 21.axb6 axb6 22.Ra7 Rh6 23.Qb3 Nh5
24.Qa3 g3 25.h3 gxf2+ 26.Kxf2 Rg6 27.Bxd6 Nc6 28.bxc6 Qg5 29.Ne2 fxe4 30.Bxb8 Nf4
31.Nxf4 exf4 32.Rxe4 Qxd5 33.Rxg7+  1-0

[Event "Wch U20"]
[Site "Yerevan"]
[Date "1999.09.24"]
[Round "7"]
[White "Lipinsky, Fabian"]
[Black "Guid, Matej"]
[Result "1-0"]
[WhiteElo "2331"]
[BlackElo "2185"]

1.d4 Nf6 2.c4 g6 3.Nf3 Bg7 4.Nc3 O-O 5.e4 d6 6.Be2 e5 7.O-O Nc6 8.d5 Ne7
9.Ne1 Nd7 10.Be3 f5 11.f3 f4 12.Bf2 g5 13.Rc1 h5 14.c5 Nf6 15.cxd6 cxd6 16.Nb5 g4
17.Nc7 Bd7 18.Nxa8 Qxa8 19.Rc7 Qb8 20.Rxd7 Nxd7 21.fxg4 Nf6 22.Bh4 hxg4 23.Bxf6 Rxf6
24.Bxg4 Bh6 25.Rf3 Qc7 26.Qb3 Qc5+ 27.Kf1 Bf8 28.Rc3 Qa5 29.a4 Rg6 30.Be6+ Kg7
31.Qb5 Qd8 32.Qxb7 Qa5 33.Qb5  1-0

[Event "Alushta2"]
[Site "Alushta"]
[Date "1999.09.25"]
[Round "8"]
[White "Alexandrova, Olga"]
[Black "Golubev, Mihail"]
[Result "1/2-1/2"]
[WhiteElo "2300"]
[BlackElo "2532"]

1.d4 Nf6 2.c4 g6 3.Nc3 Bg7 4.e4 d6 5.Be2 O-O 6.Nf3 e5 7.O-O Nc6 8.dxe5 dxe5
9.Bg5 Qxd1 10.Rfxd1 h6 11.Be3 Bg4 12.h3 Bxf3 13.Bxf3 Rfd8 14.Nd5 Ne8 15.Be2 Nd4
16.Bxd4 exd4 17.c5 c6 18.Nf4 Nf6 19.f3 Nd7 20.Nd3 Ne5 21.Rac1 Nxd3 22.Bxd3 Be5
23.b4 h5 24.Rc2 h4 25.Rb1 a6 26.a4 Kg7 27.Kf2 Kh6 28.Ke2 Kg5 29.Bc4 f5 30.Rf1 Bf4
31.Kd3 Re8 32.Kxd4 fxe4 33.fxe4 Rad8+ 34.Kc3 Rxe4 35.Re2 Bd2+ 36.Kb3 Rdd4
37.Rxe4 Rxe4 38.Rf3 a5 39.bxa5 Bxa5 40.Rf7 Re3+ 41.Kb2 Bc3+ 42.Kb3 Bf6+ 43.Kb4 Bc3+
44.Kb3  1/2-1/2

[Event "Alushta2"]
[Site "Alushta"]
[Date "1999.09.26"]
[Round "9"]
[White "Golubev, Mihail"]
[Black "Ovsejevitsch, Sergei"]
[Result "1/2-1/2"]
[WhiteElo "2532"]
[BlackElo "2515"]

1.e4 g6 2.d4 Bg7 3.Nf3 d6 4.c4 Nf6 5.Nc3 O-O 6.Be2 e5 7.O-O Nc6 8.d5 Ne7
9.Ne1 Nd7 10.Be3 f5 11.f3 f4 12.Bf2 g5 13.a4 Ng6 14.a5 Rf7 15.Nd3 Nf6 16.c5 Bf8
17.cxd6 Bxd6 18.Nc5 Nf8 19.Qb3 Qe7 20.Ne6 Nxe6 21.dxe6 Bxe6 22.Qxb7 Qf8 23.Qa6 g4
24.Bc4 Bxc4 25.Qxc4 Kh8 26.Bh4 Rb8 27.Bxf6+ Rxf6 28.fxg4 f3 29.gxf3 Rxb2
30.Na4 Rd2 31.Ra2 Rxa2 32.Qxa2 Rxf3 33.Qe2 Rf4 34.Rxf4 Qxf4 35.Nb2 Qc1+ 36.Kg2 Bc5
37.Nd3 Qg1+ 38.Kh3 Bd4 39.Nb4 Qc1  1/2-1/2

[Event "Popel mem 2nd"]
[Site "Lvov"]
[Date "1999.09.27"]
[Round "5"]
[White "Maksimenko, Andrei"]
[Black "Zheliandinov, Viktor"]
[Result "1/2-1/2"]
[WhiteElo "2515"]
[BlackElo "2411"]

1.d4 Nf6 2.c4 g6 3.Nc3 Bg7 4.e4 d6 5.Be2 O-O 6.Nf3 e5 7.O-O Nc6 8.d5 Ne7
9.Nd2 Nd7 10.b4 f5 11.f3 Bh6 12.Kh1 a5 13.c5 axb4 14.cxd6 cxd6 15.Nb5 Nf6
16.Nxd6 Bxd2 17.Nxc8 Bc3 18.Nxe7+ Qxe7 19.d6  1/2-1/2

[Event "Wch U20"]
[Site "Yerevan"]
[Date "1999.09.28"]
[Round "11"]
[White "Kuemin, Simon"]
[Black "Fantin, Ludwig"]
[Result "1-0"]
[WhiteElo "2251"]
[BlackElo "2184"]

1.d4 Nf6 2.c4 g6 3.Nc3 Bg7 4.e4 d6 5.Nf3 O-O 6.Be2 e5 7.O-O Nc6 8.d5 Ne7
9.b4 a5 10.Ba3 Nd7 11.bxa5 Rxa5 12.Bb4 Ra8 13.a4 Bh6 14.a5 f5 15.Bd3 Kh8
16.Nd2 Ng8 17.Qe2 Ndf6 18.c5 Bxd2 19.Qxd2 f4 20.Nb5 Ne8 21.Rfc1 f3 22.g3 Bh3
23.c6 bxc6 24.Rxc6 Qd7 25.Nxc7 Bg2 26.Ne6 Rf6 27.Bb5 Rxe6 28.dxe6 Qxe6 29.Qd5 Qxd5
30.exd5 Ne7 31.Bxd6 Nxd6 32.Rxd6 Nf5 33.Rb6 e4 34.a6 e3 35.a7  1-0

[Event "SLO-ch"]
[Site "Kranj"]
[Date "1999.10.02"]
[Round "1"]
[White "Sitnik, Igor"]
[Black "Sebenik, Matej"]
[Result "0-1"]
[WhiteElo "2332"]
[BlackElo "2194"]

1.d4 Nf6 2.c4 g6 3.Nc3 Bg7 4.e4 d6 5.Nf3 O-O 6.Be2 e5 7.O-O Nc6 8.d5 Ne7
9.Ne1 Nd7 10.Nd3 f5 11.f3 Nf6 12.c5 f4 13.Bd2 g5 14.Rc1 Ng6 15.cxd6 cxd6
16.Nf2 h5 17.Nb5 g4 18.Nc7 Rb8 19.Ne6 Bxe6 20.dxe6 g3 21.Nh3 Qb6+ 22.Kh1 gxh2
23.Bc4 Ne7 24.Qb3 Qd8 25.Ng5 b5 26.Bd5 Nfxd5 27.exd5 Nf5 28.Ne4 Ng3+ 29.Nxg3 fxg3
30.Qe3 Qf6 31.Rc6 Rbc8 32.Rxd6 Rc2 33.Rd1 h4 34.Qg5 Qxg5 35.Bxg5 h3 36.gxh3 e4
37.f4 Bd4 38.e7 g2+  0-1

[Event "Budapest FS10 IM"]
[Site "Budapest"]
[Date "1999.10.03"]
[Round "2"]
[White "Szeberenyi, Adam"]
[Black "Zimmerman, Yuri"]
[Result "1-0"]
[WhiteElo "2357"]
[BlackElo "2440"]

1.d4 g6 2.c4 Bg7 3.e4 d6 4.Nc3 Nf6 5.Nf3 O-O 6.Be2 e5 7.O-O Nc6 8.d5 Ne7
9.b4 Nh5 10.Re1 Nf4 11.Bf1 a5 12.bxa5 Rxa5 13.Nd2 c5 14.a4 Ra6 15.Ra3 g5
16.g3 Nh3+ 17.Bxh3 Bxh3 18.Qh5 Qd7 19.Qxg5 h6 20.Qe3 f5 21.Qe2 f4 22.Nb5 Ng6
23.Kh1 Kh7 24.Rg1 f3 25.Nxf3 Bg4 26.Bb2 Rxa4 27.Rga1 Rxf3 28.Rxf3 Rxc4 29.Qxc4 Bxf3+
30.Kg1 Nf4 31.Nc3 Qh3 32.Qf1 Bg2 33.Qc4 Bf3 34.Qf1 Qg4 35.Qc4 Ne2+ 36.Kf1 Nxc3
37.Bxc3 Bxe4 38.Qe2 Qxe2+ 39.Kxe2 Bxd5 40.f4 exf4 41.Bxg7 Kxg7 42.gxf4 Kf6
43.Ke3 Bc6 44.Ra8 d5 45.Rh8 Kg6 46.Rg8+ Kf7 47.Rh8 Kg7 48.Rc8 h5 49.h4 Kf6
50.Rf8+ Ke6 51.Rh8 d4+ 52.Ke2 Be4 53.Rxh5 Bf5 54.Rh8 Ke7 55.Rb8 c4 56.Rxb7+ Kd6
57.Rb5 Ke6 58.h5 c3 59.Re5+ Kf6 60.Rd5 c2 61.Kd2 d3 62.h6 Bh7 63.Rg5 Bg6
64.Kc1 Bh7 65.Rg7 Bg6 66.Ra7 Kf5 67.h7 Bxh7 68.Rxh7 Kxf4 69.Kd2 Ke4 70.Rd7  1-0

[Event "SLO-ch"]
[Site "Kranj"]
[Date "1999.10.03"]
[Round "2"]
[White "Tratar, Marko"]
[Black "Starcic, Tadej"]
[Result "1-0"]
[WhiteElo "2442"]
[BlackElo "2165"]

1.d4 Nf6 2.Nf3 g6 3.c4 Bg7 4.Nc3 O-O 5.e4 d6 6.Be2 e5 7.O-O Nc6 8.d5 Ne7
9.Nd2 Ne8 10.b4 f5 11.c5 Kh8 12.a4 Ng8 13.Ba3 fxe4 14.Ndxe4 Ngf6 15.Ng3 Bh6
16.a5 Bf5 17.Bc1 Bxc1 18.Rxc1 Bd7 19.f4 Qe7 20.fxe5 Qxe5 21.Qd2 c6 22.Rce1 dxc5
23.bxc5 Qc7 24.Qd4 Qxa5 25.Nge4 Kg7 26.g4 h6 27.Nxf6 Nxf6 28.Ne4 Qd8 29.Rxf6 Rxf6
30.Rf1 Bf5 31.gxf5 cxd5 32.Nxf6 Qxf6 33.Qxf6+ Kxf6 34.fxg6+ Kxg6 35.Bf3 Rc8
36.Rc1 Rd8 37.Rd1 Kf6 38.Bxd5 Ke5 39.Re1+ Kd4 40.Bxb7 Kxc5 41.Rc1+ Kb6 42.Rb1+ Kc5
43.Ba6 Kd6 44.Ra1 Rg8+ 45.Kf2 Rg5 46.Ra4 Ke7 47.Bd3 a5 48.Rh4 Rd5 49.Ke3 Rd6
50.Rh5 Re6+ 51.Kd4 Rd6+ 52.Kc3 Rc6+ 53.Bc4 a4 54.Kb4 a3 55.Rh3 Kf8 56.Rxa3 Kg7
57.Re3 Kg6 58.Re5 Kf6 59.Rh5 Kg6 60.Rd5 Rf6  1-0

[Event "Tatry op"]
[Site "Tatranska Lomnica"]
[Date "1999.10.04"]
[Round "3"]
[White "Belunek, Vladimir"]
[Black "Viszlai, Alexander"]
[Result "1-0"]
[WhiteElo "2233"]
[BlackElo "2069"]

1.d4 Nf6 2.c4 g6 3.Nc3 Bg7 4.e4 d6 5.Be2 O-O 6.Nf3 e5 7.O-O Nc6 8.d5 Ne7
9.Ne1 Nd7 10.Nd3 f5 11.f3 f4 12.Bd2 g5 13.a4 h5 14.h3 Ng6 15.a5 Rf7 16.b4 Bf8
17.Rc1 Nf6 18.c5 Rg7 19.c6 b6 20.Nf2 Nh8 21.Ra1 Rb8 22.axb6 axb6 23.Nb5 Nf7
24.Na7 Nh6 25.Nxc8 Rxc8 26.Ra7 g4 27.fxg4 hxg4 28.hxg4 Ra8 29.Rxa8 Qxa8 30.Qa1 Qxa1
31.Rxa1 Nhxg4 32.Nxg4 Nxg4 33.Bxg4 Rxg4 34.Kf1 Bh6 35.Be1 Kh7 36.Ra7 Rg7
37.Bh4 f3 38.gxf3 Be3 39.Bd8 Rg1+ 40.Ke2 Bd4 41.Bxc7 b5 42.Bb6+  1-0

[Event "World Cities-ch 2nd"]
[Site "Shenyang"]
[Date "1999.10.05"]
[Round "2"]
[White "Nakagawa, Emiko"]
[Black "Gschwendtner, Klaus"]
[Result "0-1"]
[WhiteElo "2005"]
[BlackElo "2144"]

1.d4 Nf6 2.c4 g6 3.Nc3 Bg7 4.e4 d6 5.Be2 O-O 6.Nf3 e5 7.O-O Nc6 8.d5 Ne7
9.Ne1 Nd7 10.Nd3 f5 11.Bd2 Nf6 12.f3 f4 13.c5 g5 14.cxd6 cxd6 15.Nf2 h5 16.Rc1 Ng6
17.Kh1 Rf7 18.Rg1 Bf8 19.g3 Rg7 20.Rc2 Bd7 21.gxf4 gxf4 22.Bf1 Qb6 23.Be1 Be7
24.Bh3 Kh8 25.Bxd7 Nxd7 26.Nd3 Rag8 27.Rcg2 Bh4 28.Bxh4 Nxh4 29.Rxg7 Rxg7
30.Rxg7 Kxg7 31.Qe2 Nf8 32.Ne1 a6 33.Nd1 Nh7 34.Ng2 Ng6 35.Nf2 h4 36.h3 Ng5
37.Kh2 Qd4 38.Ng4 Qd2 39.Qxd2 Nxf3+ 40.Kh1 Nxd2 41.Nf2 f3 42.Ne1 Nf4 43.Kh2 Kg6
44.b3 Kg5 45.Kh1 Ne2 46.Ned3 Ng3+ 47.Kg1 Ngxe4 48.Nd1 Nf6 49.Kf2 Nxd5  0-1

[Event "World Cities-ch 2nd"]
[Site "Shenyang"]
[Date "1999.10.05"]
[Round "2"]
[White "Erhembayar, D."]
[Black "Temirbaev, Serik"]
[Result "0-1"]
[WhiteElo "2303"]
[BlackElo "2461"]

1.d4 Nf6 2.c4 g6 3.Nc3 Bg7 4.e4 d6 5.Nf3 O-O 6.Be2 e5 7.O-O Nc6 8.d5 Ne7
9.b4 a5 10.Ba3 Nd7 11.bxa5 Rxa5 12.Bb4 Ra8 13.a4 Kh8 14.a5 Ng8 15.Nd2 f5
16.Nb3 Ngf6 17.c5 Ne8 18.cxd6 cxd6 19.Nd2 Ndf6 20.Bb5 Bd7 21.Qa4 Rc8 22.Bxd7 Nxd7
23.Nb3 Bh6 24.Qa3 Ndf6 25.exf5 gxf5 26.Nb5 Ne4 27.Rae1 Rg8 28.Rxe4 fxe4 29.Bxd6 Qf6
30.Be7 Qf3 31.g3 e3 32.Bc5 Qxd5 33.fxe3 Qd3 34.Qb4 Rxc5 35.Nxc5 Bxe3+  0-1

[Event "SLO-ch"]
[Site "Kranj"]
[Date "1999.10.06"]
[Round "5"]
[White "Sitnik, Igor"]
[Black "Starcic, Tadej"]
[Result "0-1"]
[WhiteElo "2332"]
[BlackElo "2165"]

1.d4 Nf6 2.c4 g6 3.Nc3 Bg7 4.e4 d6 5.Nf3 O-O 6.Be2 e5 7.O-O Nc6 8.d5 Ne7
9.Ne1 Nd7 10.Nd3 f5 11.f3 f4 12.Bd2 g5 13.Rc1 Ng6 14.b4 Rf7 15.c5 Nf6 16.a4 Bf8
17.cxd6 cxd6 18.Nf2 h5 19.h3 Rg7 20.b5 Nh8 21.Na2 Nf7 22.Nb4 Nh6 23.Rc3 g4
24.fxg4 hxg4 25.hxg4 Nfxg4 26.Bxg4 Nxg4 27.Qc2 Qh4 28.Nxg4 Bxg4 29.Be1 Qh5
30.Rc7 Be7 31.Rxb7 Rh7 32.Rxe7 Qh2+ 33.Kf2 Rxe7 34.Rg1 Rc8 35.Nc6 Rg7 36.Kf1 f3
37.Bf2 fxg2+ 38.Ke1 Rf8 39.Qd2 Qxg1+  0-1